| 000 | 01800nas a2200409 i 4500 | ||
|---|---|---|---|
| 001 | 1809 | ||
| 003 | ES-MaACL | ||
| 005 | 20250802062545.0 | ||
| 008 | 950801d18951902sp m|yp | ||pa d | ||
| 022 | _a1578-3723 | ||
| 022 | _a1578-4347 | ||
| 080 | _a460 | ||
| 080 | _a821.134.2 | ||
| 080 | _a821.134.3 | ||
| 080 | _a821.134.2(7/8) | ||
| 245 | 0 | 0 |
_aRevista crítica de historia y literatura españolas / _cdir., Rafael Altamira y Luis Ruiz Contreras. |
| 246 | 3 | _aRevista crítica de historia y literatura españolas, portuguesas e hispano-americanas | |
| 260 |
_aMadrid : _bImp. Enrique F. de Rojas, _c1895. |
||
| 260 |
_aMadrid : _bV. Suárez ( _fImp. de Ángel B. Velasco) _c1895-1902. |
||
| 300 |
_a5 v. ; _c25 y 28 cm. |
||
| 310 | _aMensual | ||
| 362 | 1 | _aComenzó y cesó en 1895. | |
| 362 | 1 | _aComenzó en 1895; cesó en 1902. | |
| 530 | _aDisponible en formato digital. | ||
| 597 | _aVariaciones en el formato. | ||
| 650 | 0 | 7 |
_aLiteratura española _2embne _914539 |
| 650 | 4 |
_aLiteratura portuguesa. _9136431 |
|
| 650 | 0 | 7 |
_aLiteratura hispanoamericana _2embne _914602 |
| 700 | 1 |
_aAltamira, Rafael, _d1866-1951 _920515 |
|
| 700 | 1 |
_aRuiz Contreras, Luis, _d1863-1953 _9100711 |
|
| 785 | 0 | 0 |
_aRevista crítica de historia y literatura españolas, portuguesas e hispano americanas, _ddic. 1895 |
| 852 |
_aES-MaACL _jHem-608 |
||
| 856 |
_uhttp://hemerotecadigital.bne.es/details.vm?o=&w=1578-3723&f=issn&l=500 _zHemeroteca Digital _z(Revista crítica de historia y literatura españolas) |
||
| 856 |
_uhttp://hemerotecadigital.bne.es/details.vm?o=&w=1578-4347&f=issn&l=500 _zHemeroteca Digital _z(Revista crítica de historia y literatura españolas, portuguesas e hispano-americanas) |
||
| 866 | 0 | _o1895-1899,(1901 f. en.-marzo)1902 | |
| 999 |
_c1809 _d1809 |
||